|
|
|
|
| LEADER |
01980nam a22003377a 4500 |
| 001 |
37089 |
| 003 |
BD-DhAAL |
| 005 |
20190623103941.0 |
| 008 |
170925s2014 bg adfb| b||| 001 0 eng d |
| 999 |
|
|
|c 38343
|d 38343
|
| 020 |
|
|
|a 9784562583
|
| 040 |
|
|
|a BD-DhAAL
|
| 082 |
|
|
|2 23
|a 307.095492
|
| 100 |
|
|
|a Sobhan, Abdus
|9 22352
|
| 245 |
|
|
|a Rural development :
|b the case of villages /
|c Abdus Sobhan and Moinnuddin Ahmed
|
| 250 |
|
|
|a Second edition
|
| 260 |
|
|
|a Dhaka :
|b Development Agency,
|c 2014
|
| 300 |
|
|
|a xix, 254 pages :
|b illustrations, charts,maps ;
|c 24 cm.
|
| 490 |
|
|
|a Rural development series
|
| 504 |
|
|
|a Includes bibliographical references and index
|
| 526 |
|
|
|a ESS
|
| 541 |
|
|
|e 37089
|
| 650 |
|
|
|a Rural development
|z Bangladesh
|9 22353
|
| 700 |
|
|
|a Ahmed, Moinnuddin
|9 22354
|
| 852 |
|
|
|a Ayesha Abed Library
|c General Stacks
|
| 942 |
|
|
|2 ddc
|c BK
|
| 952 |
|
|
|0 0
|1 0
|2 ddc
|4 0
|6 307_095492000000000_SOB
|7 0
|9 61348
|a BRACUL
|b BRACUL
|c GEN
|d 2017-09-25
|e Karim international
|g 500.00
|l 0
|o 307.095492 SOB
|p 301009840514616
|r 2017-09-25
|t 1
|w 2017-09-25
|y BK
|x Wrong Barcode correct one will be added soon
|
| 952 |
|
|
|0 0
|1 0
|2 ddc
|4 0
|6 307_095492000000000_SOB
|7 0
|9 61349
|a BRACUL
|b BRACUL
|c GEN
|d 2017-09-25
|e Karim international
|g 500.00
|l 0
|o 307.095492 SOB
|p 301009840514617
|r 2017-09-25
|t 2
|w 2017-09-25
|y BK
|x Wrong Barcode correct one will be added soon
|
| 952 |
|
|
|0 0
|1 0
|2 ddc
|4 0
|6 307_095492000000000_SOB
|7 0
|9 61350
|a BRACUL
|b BRACUL
|c GEN
|d 2017-09-25
|e Development Book Agency
|g 540.00
|l 0
|o 307.095492 SOB
|p 301009840514618
|r 2017-09-25
|t 3
|w 2017-09-25
|y BK
|
| 952 |
|
|
|0 0
|1 0
|2 ddc
|4 0
|6 307_095492000000000_SOB
|7 0
|9 61351
|a BRACUL
|b BRACUL
|c GEN
|d 2017-09-25
|e Development Book Agency
|g 540.00
|l 0
|o 307.095492 SOB
|p 301009840514619
|r 2017-09-25
|t 3
|w 2017-09-25
|y BK
|
| 952 |
|
|
|0 0
|1 0
|2 ddc
|4 0
|6 307_095492000000000_SOB
|7 0
|9 61352
|a BRACUL
|b BRACUL
|c GEN
|d 2017-09-25
|e Development Book Agency
|g 540.00
|l 0
|o 307.095492 SOB
|p 301009840514620
|r 2017-09-25
|t 3
|w 2017-09-25
|y BK
|x Default Barcode due to clash with new accession
|